Vykazovanie informácií o udržateľnosti z pohľadu štatutárneho audítora diplomová práca

Na minha lista:
Detalhes bibliográficos
Autor principal: Smolková, Bronislava
Autor Corporativo: Fakulta hospodárskej informatiky EU. Katedra účtovníctva a audítorstva
Outros Autores: Užík, Ján, 1969-
Formato: Livro
Idioma:eslovaco
Publicado em: Bratislava 2025
Tags: Adicionar Tag
Sem tags, seja o primeiro a adicionar uma tag!

MARC

LEADER 00000nbm a2200000 4500
001 0310391
005 20251208124942.6
041 0 |a slo 
044 |a SK 
245 1 0 |a Vykazovanie informácií o udržateľnosti z pohľadu štatutárneho audítora  |b diplomová práca  |c Bronislava Smolková ; školiteľ: Ján Užík 
264 1 |a Bratislava  |c 2025 
300 |a 71 s. 
100 1 |a Smolková, Bronislava 
700 1 |a Užík, Ján, 1969- 
710 2 |a Fakulta hospodárskej informatiky EU. Katedra účtovníctva a audítorstva